Keys to Business Success, (Record no. 6495)

MARC details
005 - DATE AND TIME OF LATEST TRANSACTION
control field 20250701090144.0
020 ## - INTERNATIONAL STANDARD BOOK NUMBER
International Standard Book Number 0-13-013304-4
082 ## - DEWEY DECIMAL CLASSIFICATION NUMBER
Classification number 650.1 KEY
111 ## - MAIN ENTRY--MEETING NAME
Meeting name or jurisdiction name as entry element Keys to Business Success
245 ## - TITLE STATEMENT
Title Keys to Business Success,
260 ## - PUBLICATION, DISTRIBUTION, ETC.
Place of publication, distribution, etc. London,
Name of publisher, distributor, etc. Prentice Hall,
Date of publication, distribution, etc. 2000.
300 ## - PHYSICAL DESCRIPTION
Extent xvi.; 302p.; figure.; picture,
Other physical details Index,
Dimensions 28cm.
942 ## - ADDED ENTRY ELEMENTS (KOHA)
Source of classification or shelving scheme Dewey Decimal Classification
Koha item type Books
Holdings
Date last seen Total checkouts Full call number Barcode Cost, replacement price Price effective from Koha item type Lost status Source of classification or shelving scheme Damaged status Not for loan Withdrawn status Home library Current library Shelving location Date acquired Cost, normal purchase price
07/01/2025   650.1KEY DOM0003951 150000.00 07/01/2025 Books   Dewey Decimal Classification       CBE Dodoma CBE Dodoma General Collection 07/01/2005 50000.00